Symbolic computation and object-oriented programming /
Saved in:
| 主要作者: | |
|---|---|
| 格式: | Thesis 圖書 |
| 語言: | English |
| 出版: |
1997.
|
| 主題: | |
| 標簽: |
添加標簽
沒有標簽, 成為第一個標記此記錄!
|
| LEADER | 00750cam a2200229 a 4500 | ||
|---|---|---|---|
| 001 | u420768 | ||
| 003 | SIRSI | ||
| 008 | 980220s1997 si v 00 1 eng m | ||
| 035 | |a ACE-6287 | ||
| 040 | |a UMM | ||
| 090 | |a QA76.64 |b Tan | ||
| 100 | 1 | 0 | |a Tan, Kiat Shi. |
| 245 | 1 | 0 | |a Symbolic computation and object-oriented programming / |c by Tan Kiat Shi. |
| 260 | |c 1997. | ||
| 300 | |a ix, 553 leaves ; |c 30 cm. | ||
| 502 | |a Dissertation (M.Sc.) -- National University of Singapore, 1997. | ||
| 504 | |a Bibliography: leaves 550-553. | ||
| 650 | 0 | |a Object-oriented programming (Computer science) | |
| 650 | 0 | |a Algebra |x Data processing | |
| 948 | |a 20/02/1998 |b 25/11/2000 | ||
| 596 | |a 1 | ||
| 999 | |a QA76.64 TAN |w LC |c 1 |i A507495072 |l STACKS |m P01UTAMA |r Y |s Y |t TESIS |u 23/7/1998 | ||
